CHILDREN'S ILLUSTRATED DICTIONARY (Record no. 2215)
[ view plain ]
| 000 -LEADER | |
|---|---|
| fixed length control field | 00311nam a22001337a 4500 |
| 020 ## - INTERNATIONAL STANDARD BOOK NUMBER | |
| ISBN | 978-1-40534-140-0 |
| 082 ## - DEWEY DECIMAL CLASSIFICATION NUMBER | |
| Classification number | 030 |
| Item number | DK/D |
| 100 ## - MAIN ENTRY--AUTHOR NAME | |
| Personal name | McLLWAIN |
| 245 ## - TITLE STATEMENT | |
| Title | CHILDREN'S ILLUSTRATED DICTIONARY |
| 260 ## - PUBLICATION, DISTRIBUTION, ETC. (IMPRINT) | |
| Place of publication | LONDON |
| Name of publisher | DK LIMITED |
| Year of publication | 2009 |
| 300 ## - PHYSICAL DESCRIPTION | |
| Number of Pages | 256 |
| 650 ## - SUBJECT ADDED ENTRY--TOPICAL TERM | |
| Topical Term | DICTIONARY |
| Geographic subdivision | UNITED KINGDOM |
| 942 ## - ADDED ENTRY ELEMENTS (KOHA) | |
| Koha item type | Books |
| Withdrawn status | Lost status | Collection code | Home library | Current library | Shelving location | Date acquired | Source of acquisition | Full call number | Accession Number | Koha item type |
|---|---|---|---|---|---|---|---|---|---|---|
| Reference | Main Library | Main Library | SHELF 1 H -DICTIONARY, ENCYCLOPEDIA | 26/09/2014 | purchase | 030 DK/D | 07389 | Books | ||
| Reference | Main Library | Main Library | SHELF 1 H -DICTIONARY, ENCYCLOPEDIA | 23/09/2014 | purchase | 030 DK/D | 07371 | Books | ||
| Reference | Main Library | Main Library | SHELF 1 H -DICTIONARY, ENCYCLOPEDIA | 23/09/2014 | purchase | 030 DK/D | 07369 | Books |